| 000 | 01032nam a22003017a 4500 | ||
|---|---|---|---|
| 005 | 20110316102429.0 | ||
| 008 | 110316t xxu||||| |||| 00| 0 eng d | ||
| 010 | _aENG-102135 | ||
| 020 |
_a9780070681897 _c350.00 |
||
| 020 |
_a0070681899 _c350.00 |
||
| 035 | _aEN-85668 | ||
| 037 | _bDBAD/PUB | ||
| 040 |
_adpl _bEng |
||
| 082 | 0 | 0 | _a005.13 |
| 100 | 1 |
_aRavichandran, D. _926603 |
|
| 245 | 1 | 0 |
_aProgramming with C++ / _cby D. Ravichandran |
| 250 | _a3rd ed | ||
| 260 |
_aNew Delhi _bTata McGraw Hill _c2011 |
||
| 270 |
_a7, West Patel nagar _bNew Delhi _e110008 |
||
| 300 |
_axx,843p. _c25cm (pbk) |
||
| 500 | _aIncludes bibliographical references and index | ||
| 650 | 0 | _926604 | |
| 700 | 1 | _926605 | |
| 700 | 1 | _926606 | |
| 942 |
_2ddc _cEN _h005.13 _mRAV |
||
| 999 |
_c51082 _d51082 |
||